000 00663naa a2200217 i 4500
001 4076
003 ES-MaBCM
005 20241016090824.0
008 881122s1988 esp 000 0 spa d
021 _axx
035 _a(OCoLC)1365158277
040 _cES-MaBCM
041 0 _aspa
043 _aesp
100 1 _aGisbert Gisbert, Antonio
_918971
245 1 0 _aAlgunas consideraciones sobre normativa procesal en vigilancia penitenciaria
_cAntonio Gisbert Gisbert
650 2 7 _aJuez de vigilancia
_959120
651 2 4 _aEspaña
_9115342
773 0 _aEn:
_tRevista general de derecho
_dValencia : 1988
_w104584
_gnº 528, septiembre ; p. 5019-5023
942 _cAREV
999 _c4076
_d4076